Acolman : (Registro nro. 119347)

Detalles MARC
000 -LEADER
fixed length control field 00489nam a22001577a 4500
005 - DATE AND TIME OF LATEST TRANSACTION
control field 20160809115941.0
008 - FIXED-LENGTH DATA ELEMENTS--GENERAL INFORMATION
fixed length control field 160809b mx ||||| |||| 00| 0 spa d
050 04 - LIBRARY OF CONGRESS CALL NUMBER
Classification number NA5257.A2
Item number A26 1945
245 00 - TITLE STATEMENT
Title Acolman :
Remainder of title un convento agustino del siglo XVI
250 ## - EDITION STATEMENT
Edition statement 1a ed.
260 ## - PUBLICATION, DISTRIBUTION, ETC. (IMPRINT)
Place of publication, distribution, etc México, D. F. :
Name of publisher, distributor, etc Editorial Atlante,
Date of publication, distribution, etc 1945.
300 ## - PHYSICAL DESCRIPTION
Extent p. v. :
Other physical details il. ;
Dimensions 32 cm.
490 0# - SERIES STATEMENT
Series statement Colección Museum
610 20 - SUBJECT ADDED ENTRY--CORPORATE NAME
Corporate name or jurisdiction name as entry element San Agustín, Acolman (Monasterio : Acolman, México)
942 ## - ADDED ENTRY ELEMENTS (KOHA)
Source of classification or shelving scheme Biblioteca del Cogreso de los Estados Unidos
Koha item type Libro
Existencias
Estado de pérdida Fuente de clasificación Estado del daño No para préstamo Ubicación permanente Ubicación actual Apartado o colección Fecha de adquisición Edición Área del conocimiento Clasificación Código de Barras Date last seen Número de copia Tipo de recurso
  Biblioteca del Cogreso de los Estados Unidos     Biblioteca de la Facultad de Arquitectura Biblioteca de la Facultad de Arquitectura General 09/08/2016 1a ed. Ciencias Agropecuarias NA5257.A2 A26 1945 BFA000001087 09/08/2016 1 Libro